Łyżwiarstwo Szybkie - Najlepsze Kraje na IO w XXI wieku - Statystyki

Ogólne statystyki
  • Ten quiz został rozwiązany 31 razy
  • Średni wynik to 9 z 10
Statystyki odpowiedzi
🥇 🥈 🥉 Kraj % Poprawnych
35x 29x 24x Holandia
97%
10x 8x 10x Stany Zjednoczone
97%
4x 8x 6x Japonia
93%
8x 11x 12x Kanada
90%
5x 9x 5x Korea Południowa
90%
5x 7x 3x Niemcy
90%
4x 3x 7x Norwegia
83%
5x 1x 6x Włochy
83%
3x 1x 5x Chiny
77%
4x 3x 3x Czechy
67%
Nie znaleziono quizów pasujących do podanych kryteriów
Rozkład punktacji
Procent ludzi z każdym wynikiem
Percentyl według liczby udzielonych odpowiedzi
Twoja historia wyników
Nie rozwiązałeś tego quizu